000 00745nam a22002297a 4500
003 UA-OsUOA
001 102375
007 ta
008 20130909b un ||||| |||| 00| 0 ukr d
100 _aСамолюк Н.М.
700 _aЮрчик Г.М.
090 _a330(477)
_bС17
942 _cSA
040 _aUA-OsUOA
_bukr
_cUA-OsUOA
_dUA-OsUOA
245 _aФормування вартості робочої сили у контексті відповідності інтересам суб'єктів ринку праці
300 _aС.20-28
955 _a0
041 _aukr
080 _a330(477)
773 0 _w102373
_tСтатистика України
_dК.
_d2013
_g2
650 7 _a330 Економіка взагалі
_2UDC
999 _c388601
_d388601